000 01277 a2200325 4500
003 Nust
005 20170207154053.0
010 _a 2009001895
020 _a0-470-40675-5 (cloth)
020 _a978-0-470-40675-5 (cloth)
035 _a(OCoLC)ocn277196640
035 _a15592778
040 _cNust
082 0 0 _a932
100 1 _aTriana, Pablo
245 1 0 _aLecturing birds on flying (E-BOOK)
_bcan mathematical theories destroy the financial markets? /
_cPablo Triana
260 _aHoboken, N.J. :
_bJohn Wiley & Sons,
_cc2009
300 _axlviii, 350 s.
505 0 _aPlaying God -- The financial economics fiefdom -- Quant invasion -- Copulated nightmares -- Blah, VaR, blah -- Blue is not green -- The Black-Scholes conundrum -- Black swan deceit? -- An unhealthy yearning for precision -- We need Fat Tony -- Finale: should the Nobel Prize in economics be eliminated?
650 7 _aEconomics
650 7 _aEconomics.
650 7 _aEkonomiska teorier
650 7 _aFinance.
650 7 _aFinansiella marknader
650 7 _aMatematiska modeller
650 7 _aMathematical models
650 7 _aSchools of economics
651 _aLecturing birds on flying (E-BOOK)
856 4 1 _3Table of contents only
_uhttp://www.loc.gov/catdir/toc/fy0905/2009001895.html
942 _2ddc
_cBK
999 _c193183
_d193183